| 000 | 00558nam a22001577a 4500 | ||
|---|---|---|---|
| 999 |
_c534206 _d534206 |
||
| 020 | _qHard Cover. | ||
| 082 | _a616 | ||
| 100 | _aBilal, Muhammd | ||
| 245 |
_aEvaluatoion of Toll-Like Receptor Expression in Peripheral Blood Mononuclear Cells Isolated from Patients of Chronic Hepatitis C / _cMuhammd Bilal. |
||
| 260 |
_aIslamabad : _bASAB - NUST, _c2012. |
||
| 300 | _c30CM. | ||
| 942 |
_2ddc _cTHE |
||
| 650 |
_aVirology and Immunology M.Phil Thesis _927612 |
||
| 700 |
_aDr. Sobia Manzoor. _919265 |
||